| 000 | 01799nam a22004577a 4500 | ||
|---|---|---|---|
| 001 | 000017060 | ||
| 003 | CHAP | ||
| 005 | 20220329134135.0 | ||
| 008 | 971013s1980 r 00010 d | ||
| 010 | _a16021 | ||
| 011 | _a16993 | ||
| 035 | _a21075 | ||
| 040 | _cCHAP | ||
| 082 | 0 | 4 |
_a631.7 _bG85 |
| 100 | 0 | 0 |
_aGuillén González, José Angel. _951390 |
| 245 | 1 | 0 | _aEvaluación de métodos de riego. |
| 260 |
_aChapingo, Méx., : _bUACH. Departamento de Irrigación, _c1980. |
||
| 300 | _a93 p. | ||
| 490 | 1 |
_aBoletín técnico _v; 16 |
|
| 590 |
_aBATCH-UPD _b10 _c20130110 _lUCH01 _h1108 |
||
| 590 |
_aBATCH-UPD _b10 _c20130410 _lUCH01 _h0659 |
||
| 590 |
_aBATCH-UPD _b10 _c20130914 _lUCH01 _h0653 |
||
| 590 |
_aCONVERSION _b10 _c20130109 _lUCH01 _h1310 |
||
| 590 |
_aE5995AHE _b05 _c20150324 _lUCH01 _h1347 |
||
| 590 |
_aE5995AHE _b05 _c20150324 _lUCH01 _h1421 |
||
| 650 | 1 | 4 |
_aIrrigación. _960366 |
| 830 | 0 |
_aBoletín técnico _v; 16 _913560 |
|
| 901 | _aBK | ||
| 942 | _cLIBRO | ||
| 942 | _n0 | ||
| 949 |
_a631.7 G85 _bBC _cLIBRO _d-49145 _eLIBRO _h52499 _i21075 _mD _si |
||
| 949 |
_a631.7 G85 _bBC _cLIBRO _d-49221 _eLIBRO _fc.3 _h52501 _i21075 _si |
||
| 949 |
_a631.7 G85 _bBC _cLIBRO _d-49228 _eLIBRO _fc.10 _h52508 _i21075 _mD _si |
||
| 949 |
_a631.7 G85 _bBC _cLIBRO _d33724000166567 _eLIBRO _fc.2 _h52500 _i21075 _mD _si |
||
| 949 |
_a631.7 G85 _bBC _cLIBRO _d33724000166575 _eLIBRO _fc.5 _h52503 _i21075 _si |
||
| 949 |
_a631.7 G85 _bBC _cLIBRO _d33724000166583 _eLIBRO _fc.4 _h52502 _i21075 _si |
||
| 949 |
_a631.7 G85 _bBC _cLIBRO _d33724000166591 _eLIBRO _fc.6 _h52504 _i21075 _si |
||
| 949 |
_a631.7 G85 _bBC _cLIBRO _d33724000166609 _eLIBRO _fc.7 _h52505 _i21075 _si |
||
| 949 |
_a631.7 G85 _bBC _cLIBRO _d33724000166617 _eLIBRO _fc.8 _h52506 _i21075 _si |
||
| 949 |
_a631.7 G85 _bBC _cLIBRO _d33724000826160 _eLIBRO _fc.9 _h52507 _i21075 _mD _si |
||
| 999 |
_c16021 _d16021 |
||